KOHA-Header-6

Digital Signal Processing (Record no. 2233)

000 -LEADER
fixed length control field 00307nam a2200121Ia 4500
008 - FIXED-LENGTH DATA ELEMENTS--GENERAL INFORMATION
fixed length control field 190802s9999 xx 000 0 und d
020 ## - INTERNATIONAL STANDARD BOOK NUMBER
International Standard Book Number 0-19-808193-6
100 ## - MAIN ENTRY--PERSONAL NAME
Personal name Tarun Kumar Rawat
245 #0 - TITLE STATEMENT
Title Digital Signal Processing
260 ## - PUBLICATION, DISTRIBUTION, ETC. (IMPRINT)
Place of publication, distribution, etc USA
Name of publisher, distributor, etc Oxford University Press
Date of publication, distribution, etc 2018
300 ## - PHYSICAL DESCRIPTION
Extent 1072:p
942 ## - ADDED ENTRY ELEMENTS (KOHA)
Koha item type Books
Holdings
Withdrawn status Lost status Damaged status Not for loan Collection code Permanent Location Current Location Shelving location Date acquired Full call number Barcode Date last seen Price effective from Koha item type
        Electrical Engineering MAJU MAJU Shelf No.A34 2019-08-03 621.38 8856 2019-08-03 2019-08-03 Electrical Engineering

Powered by Koha